000
00305nam a2200133Ia 4500
008
231129s1969||||xx |||||||||||||| ||spa||
040
_b
spa
082
_a
E864 B268g
100
_a
Baroja Ricardo
245
0
_a
Gente de la generación del 98
260
_c
1969
264
_a
Juventud
942
_2
ddc
_c
BKS
999
_c
14400
_d
14400